Statistics for Answers Contain "Van"

Click here to take the quiz!

General Stats

  • This quiz has been taken 71 times
  • The average score is 10 of 20

Answer Stats

HintAnswer% Correct
Painter who cut his ear offVincent van Gogh
97%
Most popular ice cream flavorVanilla
94%
Oceanian countryVanuatu
72%
2010 Winter Olympics hostVancouver
68%
Tribe who sacked Rome in 455Vandals
67%
Movie in which Hugh Jackman
hunts Dracula
Van Helsing
65%
"Brown Eyed Girl" singerVan Morrison
59%
Andrew Jackson's successorMartin Van Buren
59%
Rock band previously known
as "Genesis"
Van Halen
55%
Railroad and shipping tycoon
from New York
Cornelius
Vanderbilt
54%
Loinclothed, high-kicking
martial artist
Jean-Claude
Van Damme
54%
"Moonlight Sonata" composerLudwig van Beethoven
52%
Novel by W. M. Thackeray.
Also name of a magazine
Vanity Fair
48%
“Wheel of Fortune” letter flipperVanna White
43%
Element with atomic number 23Vanadium
42%
Peanuts character with
a security blanket
Linus Van Pelt
33%
Former name of TasmaniaVan Diemen's Land
28%
First person to see
single-celled organisms
Antonie van
Leeuwenhoek
17%
"Save the Best for Last" singerVanessa Williams
10%
Also known as blind vanPanel Van
6%

Score Distribution

Percentile by Number Answered

Percent of People with Each Score

Your Score History

You have not taken this quiz